Biggest sources of immigrants to Delaware - Statistics

General Stats
  • This quiz has been taken 32 times
  • The average score is 9 of 10
Answer Stats
Hint Answer % Correct
5,031 China
100%
11,735 India
100%
15,175 Mexico
100%
1,598 Korea
97%
1,992 Philippines
97%
2,258 United Kingdom
97%
1,839 Russia
83%
1,725 Canada
79%
1,593 El Salvador
72%
2,986 Jamaica
69%
No matching quizzes found
Score Distribution
Percent of People with Each Score
Percentile by Number Answered
Your Score History
You have not taken this quiz